| 000 | 00893nam a22003017a 4500 | ||
|---|---|---|---|
| 003 | CHAP | ||
| 005 | 20220329132922.0 | ||
| 008 | 971013s1986 r 00010 d | ||
| 010 | _a249 | ||
| 011 | _a1221 | ||
| 035 | _a397 | ||
| 040 | _cCHAP | ||
| 082 |
_a581.634 _bC74 |
||
| 100 | 0 | 0 |
_aCrespo, Mario. _928913 |
| 245 | _aCultivo de plantas aromáticas para condimento | ||
| 260 |
_aBuenos Aires : _bAlbatros, _c1986 |
||
| 300 |
_a210 p. _b: ilus. |
||
| 500 | _a35-206 | ||
| 590 |
_aBATCH-UPD _b10 _c20130110 _lUCH01 _h0333 |
||
| 590 |
_aBATCH-UPD _b10 _c20130110 _lUCH01 _h2056 |
||
| 590 |
_aBATCH-UPD _b10 _c20130410 _lUCH01 _h0006 |
||
| 590 |
_aBATCH-UPD _b10 _c20130914 _lUCH01 _h1056 |
||
| 590 |
_aCONVERSION _b10 _c20130109 _lUCH01 _h1302 |
||
| 650 | 1 | 4 |
_aPlantas aromáticas. _988900 |
| 901 | _aBK | ||
| 942 | _cLIBRO | ||
| 949 |
_a581.634 C74 _bBC _cLIBRO _d33724002111082 _eLIBRO _h76712 _i397 _si |
||
| 999 |
_c249 _d249 |
||